5HLuxD.jpg

KING HENRY VIII SENIOR AND PRIMARY SCHOOL LIBRARY OPAC

Ivy : (Record no. 543)

000 -LEADER
fixed length control field 01044nam a22002537a 4500
005 - DATE AND TIME OF LATEST TRANSACTION
control field 20190821092929.0
008 - FIXED-LENGTH DATA ELEMENTS--GENERAL INFORMATION
fixed length control field 190821b ||||| |||| 00| 0 eng d
020 ## - INTERNATIONAL STANDARD BOOK NUMBER
International Standard Book Number 9781416925071
040 ## - CATALOGING SOURCE
Transcribing agency KH8
082 ## - DEWEY DECIMAL CLASSIFICATION NUMBER
Classification number FIC HEA
100 ## - MAIN ENTRY--PERSONAL NAME
Personal name Hearn, Julie
245 ## - TITLE STATEMENT
Title Ivy :
Remainder of title a novel /
Statement of responsibility, etc. Julie Hearn
260 ## - PUBLICATION, DISTRIBUTION, ETC.
Place of publication, distribution, etc. New York :
Name of publisher, distributor, etc. Simon Pulse,
Date of publication, distribution, etc. 2009.
300 ## - PHYSICAL DESCRIPTION
Extent 355 pages ;
Dimensions 21 cm
500 ## - GENERAL NOTE
General note "Ginee seo books."
520 ## - SUMMARY, ETC.
Summary, etc. In mid-nineteenth-century London, young, mistreated, and destitute Ivy, whose main asset is her beautiful red hair, comes to the attention of an aspiring painter of the pre-Raphaelite school of artists who, with the connivance of Ivy's unsavory family, is determined to make her his model and muse.
650 ## - SUBJECT ADDED ENTRY--TOPICAL TERM
Topical term or geographic name entry element Assertiveness (Psychology)
Form subdivision Fiction.
650 ## - SUBJECT ADDED ENTRY--TOPICAL TERM
Topical term or geographic name entry element Artists
Form subdivision Fiction.
650 ## - SUBJECT ADDED ENTRY--TOPICAL TERM
Topical term or geographic name entry element Drug abuse
Form subdivision Fiction.
650 ## - SUBJECT ADDED ENTRY--TOPICAL TERM
Topical term or geographic name entry element Criminals
Form subdivision Fiction.
650 ## - SUBJECT ADDED ENTRY--TOPICAL TERM
Topical term or geographic name entry element London (England)
Form subdivision History
General subdivision 19th century
Chronological subdivision Fiction.
650 ## - SUBJECT ADDED ENTRY--TOPICAL TERM
Topical term or geographic name entry element Great Britain
Form subdivision History
General subdivision Victoria, 1837-1901
Chronological subdivision Fiction.
942 ## - ADDED ENTRY ELEMENTS (KOHA)
Source of classification or shelving scheme
Koha item type Books - Fiction
Holdings
Withdrawn status Lost status Source of classification or shelving scheme Damaged status Not for loan Collection code Permanent Location Current Location Shelving location Date acquired Total Checkouts Full call number Barcode Date last seen Date last checked out Price effective from Koha item type
          Fiction KH8 Senior School Library KH8 Senior School Library Fiction 2019-08-21 1 FIC HEA 3KHSL000101083 2024-11-22 2024-11-21 2019-08-21 Books - Fiction

Powered By KH8 IT Dept